Most Populated City in Each County in Mississippi - Statistics

General Stats
  • This quiz has been taken 27 times
  • The average score is 48 of 82
Answer Stats
County City Pop. City % Correct
Hinds 149,761 Jackson
100%
Harrison 72,105 Gulfport
93%
Lee 37,667 Tupelo
93%
Warren 20,904 Vicksburg
93%
Forrest 47,068 Hattiesburg
86%
Lauderdale 34,424 Meridian
86%
Adams 13,824 Natchez
86%
Lafayette 26,430 Oxford
86%
Oktibbeha 24,657 Starkville
86%
Madison 27,719 Madison
79%
Jackson 21,849 Pascagoula
79%
Neshoba 6,995 Philadelphia
79%
DeSoto 55,429 Southaven
79%
Yazoo 10,163 Yazoo City
79%
Bolivar 10,909 Cleveland
71%
Lowndes 23,319 Columbus
71%
Washington 28,777 Greenville
71%
Marshall 6,565 Holly Springs
71%
Attala 7,022 Kosciusko
71%
Jones 17,106 Laurel
71%
Rankin 27,258 Pearl
71%
Clarke 1,964 Quitman
71%
Clay 9,983 West Point
71%
Humphreys 1,875 Belzoni
64%
Coahoma 14,410 Clarksdale
64%
Alcorn 14,382 Corinth
64%
Leflore 14,037 Greenwood
64%
Grenada 12,471 Grenada
64%
Tishomingo 3,066 Iuka
64%
Union 7,618 New Albany
64%
Pontotoc 5,684 Pontotoc
64%
Jefferson Davis 947 Prentiss
64%
Sharkey 1,776 Rolling Fork
64%
Tate 8,099 Senatobia
64%
Yalobusha 3,301 Water Valley
64%
Panola 7,326 Batesville
57%
Hancock 10,009 Bay St. Louis
57%
Lincoln 11,812 Brookhaven
57%
Leake 5,707 Carthage
57%
Covington 2,242 Collins
57%
Scott 5,339 Forest
57%
Itawamba 4,022 Fulton
57%
Chickasaw 3,772 Houston
57%
Winston 6,008 Louisville
57%
George 2,934 Lucedale
57%
Issaquena 396 Mayersville
57%
Pike 12,217 McComb
57%
Newton 3,137 Newton
57%
Pearl River 11,784 Picayune
57%
Claiborne 1,189 Port Gibson
57%
Wayne 4,541 Waynesboro
57%
Montgomery 4,339 Winona
57%
Monroe 6,513 Amory
50%
Calhoun 1,649 Bruce
50%
Tallahatchie 1,765 Charleston
50%
Marion 5,914 Columbia
50%
Holmes 2,145 Durant
50%
Webster 1,949 Eupora
50%
Jefferson 1,417 Fayette
50%
Noxubee 2,523 Macon
50%
Simpson 3,888 Magee
50%
Lawrence 1,359 Monticello
50%
Stone 4,289 Wiggins
50%
Choctaw 1,536 Ackerman
43%
Jasper 1,585 Bay Springs
43%
Prentiss 8,681 Booneville
43%
Copiah 4,768 Crystal Springs
43%
Smith 1,015 Raleigh
43%
Tippah 5,362 Ripley
43%
Franklin 787 Bude
36%
Kemper 872 De Kalb
36%
Benton 497 Hickory Flat
36%
Greene 3,603 Leakesville
36%
Walthall 1,395 Tylertown
36%
Carroll 754 Vaiden
36%
Wilkinson 1,207 Centreville
29%
Amite 887 Gloster
29%
Tunica 2,251 Tunica Resorts
29%
Quitman 1,232 Lambert
21%
Perry 882 Richton
21%
Lamar 5,944 West Hattiesburg
21%
Sunflower 9,342 Indianaola
0%
No matching quizzes found
Score Distribution
Percent of People with Each Score
Percentile by Number Answered
Your Score History
You have not taken this quiz